Представление документа в формате RUSMARC

ПолеНазваниеЗначение
  Тип записи a
  Библиографический уровень a
001 Контрольный номер RU/CBS_Ul/BASE/449310340
005 Дата корректировки 20240209175137.3
100 Данные общей обработки __
a Данные общей обработки 20140328d2014 ||| 0rusy0189 ca
101 Язык документа 0_
a Язык текста rus
102 Страна публикации __
a Страна публикации RU
105 Кодированные данные (монография) __
a Кодированные данные (монография) y###||||000|y
200 Заглавие и сведения об ответственности 1_
a Заглавие Н. М. Карамзин и его Бедная Лиза
b Общее обозначение материала Текст
e Сведения, относящиеся к заглавию [о месте где произошел трагический финал сентиментальной повести - окраины Москвы у стен старинного Симонова монастыря]
f Первые сведения об ответственности А. Персин
300 Общие примечания __
a Общие примечания Ограничения по возрасту 12+
461 Уровень набора _0
1 2000
a Юный краевед
463 Уровень физической единицы _0
1 001RU/CBS_Ul/BASE/449309964
1 2000
a №3
v С. 48
1 210
d 2014
610 Ключевые слова 0_
a Ключевые слова краеведение; литература; Карамзин
686 Индексы других классификаций __
a Классификационный индекс 83.3(2Рос=Рус)1
2 Код системы ББК
700 Автор _1
a Фамилия Персин
b Имя (инициалы) А.
801 Источник записи _0
a Страна RU
b Организация МБУК ЦБС г. Ульяновска
c Дата составления 20140328
g Правила каталогизации RCR
801 Источник записи _1
a Страна RU
b Организация МБУК ЦБС г. Ульяновска
c Дата составления 20140328
g Правила каталогизации RCR
901 Тип документа __
t Тип документа b
w Контрольный № источника RU/CBS_Ul/BASE/449309964
910 Корректоры записи __
a Корректор записи admin2
938 Служебная информация __
a Имя БД period